[Event "GER M03-B email"]
[Site "GER email"]
[Date "2014.06.01"]
[Round "?"]
[White "Calhau, Eduardo JG"]
[Black "Kosic, Branko"]
[Result "1/2-1/2"]
[WhiteElo "2375"]
[BlackElo "2379"]
[PlyCount "59"]
[EventDate "2014.??.??"]
[EventType "tourn (corr)"]
[EventRounds "14"]
[EventCountry "GER"]
[SourceTitle "Corr 2017"]
[Source "ChessBase"]
[SourceDate "2017.09.19"]
[SourceVersion "1"]
[SourceVersionDate "2017.09.19"]
[SourceQuality "1"]

1. e4 c5 2. Nf3 Nc6 3. d4 cxd4 4. Nxd4 Nf6 5. Nc3 e5 6. Ndb5 d6 7. Bg5 a6 8. Na3 b5 9. Nd5 Be7 10. Bxf6 Bxf6 11. c4 b4 12. Nc2 a5 13. g3 0-0 14. Bg2 g6 15. Nxf6+ Qxf6 16. 0-0 h5 17. h4 Bg4 18. f3 Be6 19. Qxd6 Rac8 20. Ne3 g5 21. Nd5 Qg7 22. Rf2 gxh4 23. gxh4 Nd4 24. f4 Bxd5 25. Qxd5 exf4 26. Kh1 Rfd8 27. Qxh5 Qg3 28. Raf1 Rd6 29. Qg5+ Qxg5 30. hxg5 1/2-1/2

[Event "GER M03-B email"]
[Site "GER email"]
[Date "2014.06.01"]
[Round "?"]
[White "Semov, Dobri"]
[Black "Calhau, Eduardo JG"]
[Result "1/2-1/2"]
[WhiteElo "2379"]
[BlackElo "2375"]
[PlyCount "79"]
[EventDate "2014.??.??"]
[EventType "tourn (corr)"]
[EventRounds "14"]
[EventCountry "GER"]
[SourceTitle "Corr 2017"]
[Source "ChessBase"]
[SourceDate "2017.09.19"]
[SourceVersion "1"]
[SourceVersionDate "2017.09.19"]
[SourceQuality "1"]

1. e4 c5 2. Nf3 Nc6 3. d4 cxd4 4. Nxd4 Nf6 5. Nc3 e5 6. Ndb5 d6 7. Bg5 a6 8. Na3 b5 9. Bxf6 gxf6 10. Nd5 f5 11. Bd3 Be6 12. c3 Bg7 13. Qh5 0-0 14. 0-0 f4 15. Rfd1 Ne7 16. c4 Re8 17. Nxe7+ Qxe7 18. Be2 f5 19. Bf3 b4 20. Nc2 Rab8 21. exf5 Bxc4 22. Be4 Bf7 23. Qh3 Qf6 24. Rd3 Rec8 25. Ne1 Rc5 26. Rad1 Bf8 27. g4 Be7 28. Qg2 h6 29. h3 Rbc8 30. Bb7 R8c7 31. Bd5 h5 32. Bxf7+ Kxf7 33. a3 a5 34. axb4 axb4 35. Rd5 Rc4 36. Kf1 Qh6 37. b3 Rc3 38. R1d3 Rxd3 39. Rxd3 Rc1 40. Ke2 1/2-1/2

[Event "GER M03-B email"]
[Site "GER email"]
[Date "2014.06.01"]
[Round "?"]
[White "Sikorsky, Reinhard"]
[Black "Calhau, Eduardo JG"]
[Result "1-0"]
[WhiteElo "2400"]
[BlackElo "2375"]
[PlyCount "105"]
[EventDate "2014.??.??"]
[EventType "tourn (corr)"]
[EventRounds "14"]
[EventCountry "GER"]
[SourceTitle "Corr 2017"]
[Source "ChessBase"]
[SourceDate "2017.09.19"]
[SourceVersion "1"]
[SourceVersionDate "2017.09.19"]
[SourceQuality "1"]

1. e4 c5 2. Nf3 d6 3. d4 cxd4 4. Nxd4 Nf6 5. Nc3 a6 6. Be3 e5 7. Nb3 Be6 8. h3 Nbd7 9. g4 h6 10. Qd3 Be7 11. 0-0-0 Rc8 12. Kb1 b5 13. f4 exf4 14. Bxf4 Ne5 15. Qg3 Qc7 16. Qg2 0-0 17. Nd4 Qb7 18. Bd3 Ng6 19. Bc1 Nh4 20. Qe2 Nd7 21. Nd5 Bxd5 22. exd5 Rfe8 23. Rhe1 Ne5 24. Be4 Bf6 25. Qf2 Nd7 26. c3 Bxd4 27. cxd4 g5 28. Ka1 Qc7 29. Bb1 Rxe1 30. Rxe1 Qd8 31. Rf1 Qe7 32. Bd2 Kg7 33. Bb4 Nf6 34. Qh2 Rd8 35. Qc2 Ng6 36. Qc6 Qe2 37. Rc1 Qe3 38. Re1 Qf3 39. Qb6 Re8 40. Rxe8 Nxe8 41. Qc6 Kf8 42. Bxd6+ Nxd6 43. Qxd6+ Kg7 44. Qxa6 Qxh3 45. Qc8 Qg3 46. a3 Nf8 47. Ka2 Qg1 48. Bd3 Qxd4 49. Qc3 Qxc3 50. bxc3 Kf6 51. Kb3 Ng6 52. Bxb5 Ke5 53. Be8 1-0